Factfulness : (Record no. 5990)

MARC details
000 -LEADER
fixed length control field 02896cam a2200385 i 4500
001 - CONTROL NUMBER
control field 5990
003 - CONTROL NUMBER IDENTIFIER
control field FISKH
005 - DATE AND TIME OF LATEST TRANSACTION
control field 20250218140925.0
008 - FIXED-LENGTH DATA ELEMENTS--GENERAL INFORMATION
fixed length control field 180406s2018 nyuab b 001 0 eng
010 ## - LIBRARY OF CONGRESS CONTROL NUMBER
LC control number 2018000167
020 ## - INTERNATIONAL STANDARD BOOK NUMBER
International Standard Book Number 9781250107817 (hardcover)
020 ## - INTERNATIONAL STANDARD BOOK NUMBER
International Standard Book Number 9781473637498
040 ## - CATALOGING SOURCE
Original cataloging agency DLC
Language of cataloging eng
Transcribing agency DLC
Description conventions rda
Modifying agency DLC
050 ## - LIBRARY OF CONGRESS CALL NUMBER
Classification number RA785 .R673
082 ## - DEWEY DECIMAL CLASSIFICATION NUMBER
Classification number 155.9
100 1# - MAIN ENTRY--PERSONAL NAME
Personal name Rosling, Hans,
Relator term author.
245 10 - TITLE STATEMENT
Title Factfulness :
Remainder of title ten reasons we're wrong about the world--and why things are better than you think /
Statement of responsibility, etc. Hans Rosling, with Ola Rosling and Anna Rosling Rönnlund.
250 ## - EDITION STATEMENT
Edition statement This paperback edition published in 2019
260 ## - PUBLICATION, DISTRIBUTION, ETC.
Place of publication, distribution, etc. London :
Name of publisher, distributor, etc. Sceptre,
Date of publication, distribution, etc. 2018.
300 ## - PHYSICAL DESCRIPTION
Extent 342 pages :
Other physical details color illustrations ; map ;
Dimensions 20 cm
336 ## - CONTENT TYPE
Content type term text
Content type code txt
Source rdacontent
337 ## - MEDIA TYPE
Media type term unmediated
Media type code n
Source rdamedia
338 ## - CARRIER TYPE
Carrier type term volume
Carrier type code nc
Source rdacarrier
500 ## - GENERAL NOTE
General note Maps on lining papers.
504 ## - BIBLIOGRAPHY, ETC. NOTE
Bibliography, etc. note Includes bibliographical references (pages 299-325) and index.
505 0# - FORMATTED CONTENTS NOTE
Formatted contents note Introduction -- The gap instinct -- The negativity instinct -- The straight line instinct -- The fear instinct -- The size instinct -- The generalization instinct -- The destiny instinct -- The single perspective instinct -- The blame instinct -- The urgency instinct -- Factfulness in practice -- Acknowledgements -- Appendix 1: How did your country do? -- Notes -- Index.
520 ## - SUMMARY, ETC.
Summary, etc. "When asked simple questions about global trends--what percentage of the world's population live in poverty; why the world's population is increasing; how many girls finish school -- we systematically get the answers wrong. So wrong that a chimpanzee choosing answers at random will consistently outguess teachers, journalists, Nobel laureates, and investment bankers. Professor and TED presenter Hans Rosling, together with his two long-time collaborators, Anna and Ola, offers a radical explanation of why this happens. They reveal the ten instincts that distort our perspective, from our tendency to divide the world into two camps (usually some version of us and them) to the way we consume media (where fear rules) to how we perceive progress (believing that most things are getting worse). Our problem is that we don't know what we don't know, and even our guesses are informed by unconscious and predictable biases. It turns out that the world, for all its imperfections, is in a much better state than we might think. That doesn't mean there aren't real concerns. But when we worry about everything all the time instead of embracing a worldview based on facts, we can lose our ability to focus on the things that threaten us most."
650 #0 - SUBJECT ADDED ENTRY--TOPICAL TERM
Topical term or geographic name entry element Stress management.
650 #0 - SUBJECT ADDED ENTRY--TOPICAL TERM
Topical term or geographic name entry element Reality.
700 1# - ADDED ENTRY--PERSONAL NAME
Personal name Rosling, Ola,
Dates associated with a name 1975-
Relator term author.
700 1# - ADDED ENTRY--PERSONAL NAME
Personal name Rönnlund, Anna Rosling,
Dates associated with a name 1975-
Relator term author.
906 ## - LOCAL DATA ELEMENT F, LDF (RLIN)
a 7
b cbc
c orignew
d 1
e ecip
f 20
g y-gencatlg
942 ## - ADDED ENTRY ELEMENTS (KOHA)
Source of classification or shelving scheme Dewey Decimal Classification
Koha item type Books
Suppress in OPAC No
Holdings
Withdrawn status Lost status Source of classification or shelving scheme Damaged status Not for loan Collection Home library Current library Shelving location Date acquired Total Checkouts Full call number Barcode Date last seen Date last checked out Price effective from Koha item type
    Dewey Decimal Classification     Non-Fiction Footprints International School Library Network Toul Kork Campus Footprints International School Library Network Toul Kork Campus A TK Campus, 4th Floor, Room B401, Non-Fiction Bookcases(7-8) 02/18/2025 1 ROS 155.9 RA785 .R673 2025-0609 05/09/2025 03/03/2025 02/18/2025 Books